1365 1359 1797 1769 1066 1558 1813 1948 1124 1357 1771 1273 1748 1239 1341 1706 1808 1834 1744 1346 1847 1992 1779 1020 1593 1683 1517 1666 1479 1311 1313 1526 1081 1726 1963 1635 1976 1468 1567 1656 1866 1523 1294 1646 1094 1593 1974 1529 1478 1880 1325 1250 1141 1054 1206 1868 1049 1454 1580 1117 1056 1082 1829 1085 1865 1749 1479 1491 1718 1328 1256 1996 1586 1650 1549 1840 1477 1636 1533 1613 1686 1589 1361 1786 1626 1003 1309 1187 1449 1060 1603 1604 1822 1385 1962 1753 1360 1813 1421 BCNSPRNW ULIB Ver.6.0+V

เปลี่ยนเป็นภาษาไทย

Change to English
 แสดงรายละเอียดบรรณานุกรม
  กลับหน้าหลัก

Brief Record : Get Marc (ISO 2709) : E-mail record : QR code < ปิดหน้าต่าง
LEADER : 00000nam 2200000uu 4500
001    13399125157
003     ULIB
008    161024s2555||||th 000 0 tha d
099    ^aวจ.WA590^bส780ผ
100 0  ^aสุภาณี คลังฤทธิ์,ชลลดา ติยะวิสุทธิ์ศรี,สุดาวรรณ สันหมอยา
245 00 ^aผลการจัดการเรียนการสอนตามสภาพจริงต่อความเข้าใจมนุษย์รายวิชามนุษย์กับพฤติกรรมสุขภาพ วิทยาลัยพยาบาลบรมราชนนี พุทธชินราช /^cสุภาณี คลังฤทธิ์,ชลลดา ติยะวิสุทธิ์ศรี,สุดาวรรณ สันหมอยา
260    ^aพิษณุโลก :^bวิทยาลัยพยาบาลบรมราชชนนี พุทธชินราช,^c2555
300    ^a58 หน้า
700 0  ชลลดา ติยะวิสุทธิ์
700 0  สุดาวรรณ สันหมอยา
945    ^p0^l0^i001406
995    ^aณรีรัตน์
999 ^a ใช้งานได้ทุกระบบ
รายการนี้ยังไม่มีแท็ก
คุณยังไม่ได้ล็อกอิน คุณสามารถมีกิจกรรมร่วมกับเว็บไซต์ได้ แต่ต้องล็อกอินก่อน ::
  ล็อกอิน

รายการสื่อสารสนเทศ

ลำดับที่ ประเภท เลขเรียก/บาร์โค้ด สถานที่ สถานะ
1. งานวิจัย
งานวิจัย
วจ.WA590 ส780ผ ฉ.1 
  Barcode: 001406
ห้องสมุดวิทยาเขตสวรรค์ประชารักษ์
►วิจัย
บนชั้น

BibComment


ยังไม่เคยถูกคอมเมนท์

คอมเมนท์ทรัพยากรรายการนี้
  คอมเมนท์: ผลการจัดการเรียน..


 Copyright 2026. Bcnsprnw @Library